000 00503cam a22002054a 4500
005 20250605164256.0
008 250528s ||||||||||||||||||||||||d
035 _a21934
040 _aGR-AtMCL
_bgre
_dGR-AtMCL
_eAACR2
245 1 _aNEW HEADWAY INTERMEDIATE
250 _a1
260 _bOxford University Press,
_c1996
505 0 _aSTUDENT'S BOOK
520 _aSTUDENT'S BOOK
700 1 _aSoars John
_97487
700 1 _aSoars Liz
_97488
942 _cBK
999 _c6991
_d6991